00893pam a2200265 a 4500999001500000001000300015003000900018005001700027008004100044020001500085040002800100082001800128100002300146245008800169250001200257260003100269300004600300504005100346650002500397650002600422650002500448700002600473942001200499952011600511 c5565d556513BD-DhUAP20201215121012.0201215s1987 nyua b 001 0 eng  a0471802379 aDLCcDLCdBD-DhUAPbeng00a621.8 MAB2231 aMabie, Hamilton H.10aMechanisms and dynamics of machinery /cHamilton H. Mabie and Charles F. Reinholtz. a4th ed. aNew York :bWiley,cc1987. axii, 644 pages :billustrations ;c25 cm. aIncludes bibliographical references and index. 0aMachine engineering. 0aMechanical movements. 0aMachinery, Dynamics.1 aReinholtz, Charles F. 2ddccBK 00102ddc4070aUAPCLbUAPCLcGeneral Stacksd2020-12-28o621.8 MABp3010000013r2020-12-28t1w2020-12-28yBK